000 00440nam a2200145Ia 4500
008 230917s9999||||xx |||||||||||||| ||und||
040 _e54611
_aMAIN
041 _aEnglish
082 _a780.954 R727S
100 _aRosenthal, Ethel
245 4 _aThe story of Indian music and its instruments: a study of the present and a record of the past
260 _aNew Delhi
_bOoriental Books Reprint
_c1980
300 _axxvii, 220 p.
942 _cBK
999 _c52151
_d52151